2024 NBA Teams Records - Statistics

General Stats
  • This quiz has been taken 9 times
  • The average score is 9 of 30
Answer Stats
Team Record Win % % Correct
Boston Celtics 64-18 .780
100%
Oklahoma City Thunder 57-25 .695
88%
Denver Nuggets 57-25 .695
75%
Detroit Pistons 14-68 .171
63%
Minnesota Timberwolves 56-26 .683
50%
Dallas Mavericks 50-32 .610
38%
Charlotte Hornets 21-61 .256
25%
Chicago Bulls 39-43 .476
25%
Golden State Warriors 46-36 .561
25%
Houston Rockets 41-41 .500
25%
Indiana Pacers 47-35 .573
25%
Los Angeles Lakers 47-35 .573
25%
Memphis Grizzlies 27-55 .329
25%
Miami Heat 46-36 .561
25%
Milwaukee Bucks 49-33 .598
25%
New York Knicks 50-32 .610
25%
Orlando Magic 47-35 .573
25%
Philadelphia 76ers 47-35 .573
25%
Phoenix Suns 49-33 .598
25%
Sacramento Kings 46-36 .561
25%
San Antonio Spurs 22-60 .268
25%
Utah Jazz 31-51 .378
25%
Atlanta Hawks 36-46 .439
13%
Brooklyn Nets 32-50 .390
13%
Cleveland Cavaliers 48-34 .585
13%
New Orleans Pelicans 49-33 .598
13%
Portland Trail Blazers 21-61 .256
13%
Toronto Raptors 25-57 .305
13%
LA Clippers 51-31 .622
0%
Washington Wizads 15-67 .183
0%
No matching quizzes found
Score Distribution
Percent of People with Each Score
Percentile by Number Answered
Your Score History
You have not taken this quiz